书目信息 |
| 题名: |
调和分析导论
|
|
| 作者: | 卡茨纳尔森, 著 | |
| 分册: | ||
| 出版信息: | 北京 机械工业出版社 2005.06 |
|
| 页数: | 314页 | |
| 开本: | 24cm | |
| 丛书名: | 经典原版书库 | |
| 单 册: | ||
| 中图分类: | O177.5 | |
| 科图分类: | ||
| 主题词: | 调和分析--diao he fen xi--英文 | |
| 电子资源: | ||
| ISBN: | 7-111-15829-6 | |
| 000 | 01045nam 2200277 450 | |
| 001 | 012006128843 | |
| 005 | 20060920111804.03 | |
| 010 | @a7-111-15829-6@dCNY40.00 | |
| 100 | @a20060625d2005 km y0chiy0120 ea | |
| 101 | 0 | @aeng |
| 102 | @aCN@b110000 | |
| 105 | @ay z 000yy | |
| 200 | 1 | @a调和分析导论@Adiao he fen xi dao lun@e英文版·第3版@d= An Introduction to Harmonic Analysis@f(美) 卡茨纳尔森 (Katznelson, Y.) 著@F(mei)ka ci na er sen(Katznelson,Y.)zhu@zeng |
| 210 | @a北京@c机械工业出版社@d2005.06 | |
| 215 | @a314页@d24cm | |
| 225 | 2 | @a经典原版书库@Ajing dian yuan ban shu ku |
| 330 | @a调和分析-英文。本书从经典傅里叶级数的清晰表述入手,展示了调和分析的中心思想。 | |
| 410 | 0 | @12001 @a经典原版书库 |
| 501 | @meng | |
| 510 | 1 | @aIntroduction to Harmonic Analysis@zeng |
| 517 | 1 | @a英文版·第3版@Aying wen ban·di 3 ban |
| 606 | 0 | @a调和分析@Adiao he fen xi@x英文 |
| 690 | @aO177.5@v4 | |
| 701 | 1 | @a卡茨纳尔森,@Aka ci na er sen,@bY.@g(Katznelson, Y.)@4著 |
| 801 | 0 | @aCN@bQSSK@c20060920 |
| 905 | @a10447@dO177.5@eK024 | |
| 调和分析导论:英文版·第3版= An Introduction to Harmonic Analysis/(美) 卡茨纳尔森 (Katznelson, Y.) 著.-北京:机械工业出版社,2005.06 |
| 314页;24cm.-(经典原版书库) |
| ISBN 7-111-15829-6:CNY40.00 |
| 调和分析-英文。本书从经典傅里叶级数的清晰表述入手,展示了调和分析的中心思想。 |
| ● |
| 相关链接 |
|
|
|
正题名:调和分析导论
索取号:O177.5/K024
 
预约/预借
| 序号 | 登录号 | 条形码 | 馆藏地/架位号 | 状态 | 备注 |
| 1 | 591165 | 205911655 | 数理学院资料室/ [索取号:O177.5/K024] | 在馆 | |
| 2 | 591166 | 205911664 | 自科库401/401自科库 45排6列3层/ [索取号:O177.5/K024] | 在馆 |